Open Data Biblioteca Nacional de Portugal


República Portuguesa: Ministério da Cultura
Biblioteca Nacional de Portugal

Catálogo da BNP: acesso por Identificadores Unívocos
Registos Bibliográficos associados ao registo de autoridade

Etiqueta de registo: 00230nas 2200025 450
001 1788754
003 http://id.bnportugal.gov.pt/bib/catbnp/1788754
021 ## $aPT$b327569/11
100 ## $a20110909a20119999m y0pory0103 ba
102 ## $aPT
106 ## $ar
110 ## $aauuzz 0uu0
200 1# $aVida astral$fpropr. Astro Dinâmico$gdir. Ana Oliveira
207 #1 $aA. 1, nº 1-
210 #9 $aOeiras$cA.D.,$dD.L. 2011-
215 ## $d26 cm
620 ## $dOeiras
675 ## $a133(051)$vBN$zpor$31453762
702 #1 $97$aOliveira,$bAna$4300$31468697
712 02 $aAstro Dinâmico$4650$31468656
801 #0 $aPT$bBN$gRPC
900 ## $aBIBNAC$d20110912
966 ## $lBN$mFGREV$sP.P. 30503 V.

Etiqueta de registo: 00254nam 2200025 450
001 2279383
003 http://id.bnportugal.gov.pt/bib/catbnp/2279383
010 ## $a978-989-36135-0-4
021 ## $aPT$b548407/25
100 ## $a20260311d2025 m y0pory01030103ba
101 0# $apor
102 ## $aPT
105 ## $aa z 000yy
106 ## $ar
200 1# $aO que sou?.$hVol. 1,$iA descoberta$fAna Oliveira$gfot. Bruno Santos
210 #9 $aAveiro$c[s.n.],$d2025
215 ## $a234, [1] p.$cil.$d24 cm
606 ## $aOcultismo$2SIPOR$318302
675 ## $a133.2/.3$vBN$zpor$31493351
700 #1 $97$aOliveira,$bAna$31468697
702 #1 $aSantos,$bBruno,$f1968-$4600$31671623
801 #0 $aPT$bBN$gRPC
856 41 $uhttp://rnod.bnportugal.gov.pt/ImagesBN/winlibimg.aspx?skey=&doc=2279383&img=221102&save=true
900 ## $aBIBNAC$d20260413
966 ## $lBN$mFGMON$sS.A. 193493 V.$x1
971 ## $cabrito$d20260311
972 ## $e0$z0$d20260413$vasantos
973 ## $csteixeira$d20260407
975 ## $e0$d20260415$viquintas

OpendataBNP@bnportugal.pt | Mais informação sobre acesso aos dados BNP